000 01255nam a2200289 a 4500
003 BLK
005 20241213153827.0
008 191127b bu |||||r|||| 00| 0 bu d
020 _a9786191869008
020 _a978-619-186-900-8
040 _aBLK
041 _aBUL
_cBUL
080 _aБългарска литература
_b821.163.2
_x-992
_z821.163.2-992
084 _aК 77
100 _aКокудева, Петя Димитрова
_91299
245 _aПатагонци, тролове и още мои роднини
_bнови пътешествия със синята палатка
_cКокудева, Петя; фотогр. Георги Янев.
260 _9209682
_aПловдив
_bЖанет 45
_c2024
300 _a134 с.
_c20 см
380 _aX
500 _aНа с. 3 отпечатан с ръкописен шрифт от авт. подзаглавието на книгата.
700 _91631
_aЯнев, Георги
_eфотогр.
852 _bП
_c821.163.2-9/К 77 П
852 _aЦб 325461
_bЦб
942 _cKNG
_n0
_s1
_02
944 _cСевдалина Тодорова
_k30540
_lСевдалина Тодорова
999 _c513371
_d513371